Szczegóły MARC21

Canadian anthology /

003 -Nazwa inst., której nr kontr. jest w polu 001 [,]
    • @
    • Nazwa instytucji, której n kontrolny jest w polu 001
    • NUKAT
005 -DATA I CZAS OSTATNIEJ MODYFIKACJI [,]
    • @
    • pole kontrolne
    • 20250722174254.0
040 -Instytucja sporządzająca opis [ , ]
    • a
    • Instytucja, która sporządziła opis (NP)
    • LUBL M/ASI
    • c
    • Instytucja, która sporządziła rekord (NP)
    • LUBL M/ASIs
    • d
    • Instytucja, która zmodyfikowała rekord (P)
    • LUBL M/IK
942 -Rodzaj dokumentu [ , ]
    • c
    • Rodzaj dokumentu
    • Książka
245 -Strefa tytułu i oznaczenia odpowiedzialności [0,0]
    • a
    • Tytuł
    • Canadian anthology / Find
    • c
    • Pozostałe elementy strefy tytułu i oznaczenia odpowiedzialności (NP)
    • C. F. Klinck, R. E. Watters.
260 -Strefa adresu wydawniczego [ , ]
    • a
    • Miejsce wydania (P)
    • Toronto :
    • b
    • Nazwa wydawcy (P)
    • W. J. Gage and Company Limited,
    • c
    • Data wydania (P)
    • [ca 1956].
300 -Strefa opisu fizycznego [ , ]
    • a
    • Określenie formy książki i/lub objętość (NP)
    • XVI, [2], 558 s. ;
    • c
    • Format (NP)
    • 25 cm.
336 -Typ zawartości [ , ]
    • a
    • Termin opisujący typ zawartości
    • Tekst
    • b
    • Kod określający zawartość
    • txt
    • 2
    • Źródło (terminu i kodu)
    • rdacontent
337 -Typ mediów [ , ]
    • a
    • Tryb odtwarzania
    • Bez urządzenia pośredniczącego
    • b
    • Kod typu mediów
    • n
    • 2
    • Źródło (terminu i kodu)
    • rdamedia
338 -Typ/rodzaj nośnika [ , ]
    • a
    • Hasło opisujące typ nośnika
    • Wolumin
    • b
    • Kod typu nośnika
    • nc
    • 2
    • Źródło (terminu i kodu)
    • rdacarrier
504 -Uwaga dot. bibliogr. załącznikowej [ , ]
    • a
    • Uwaga dot. bibliografii załącznikowej
    • Bibliogr. s. 515-552. Indeks.
080 -Uniwersalna Klasyfikacja Dziesiętna [ , ]
    • a
    • Symbol klasyfikacji
    • 820(71)-32(082.2)=20
650 -Hasło przedmiotowe [ ,7]
    • a
    • Hasło przedmiotowe
    • Pisarze kanadyjscy anglojęzyczni
    • v
    • Określnik formalny
    • biografie.
    • 2
    • Źródło terminu
    • kaba
    • 9
    • KHW
    • 648065
655 -Hasło w funkcji tematu formalnego [ ,7]
    • a
    • Hasło
    • Literatura kanadyjska w języku angielskim
    • v
    • Określnik formy
    • antologie.
    • 2
    • Źródło terminu
    • kaba
    • 9
    • KHW
    • 645729
980 -Symbol UKD [ , ]
    • a
    • UKD
    • 820(71)-32(082.2)=20
700 -Hasło dodatkowe - nazwa osobowa [1, ]
    • a
    • Nazwa osobowa (NP)
    • Klinck, Carl Frederick Find
    • d
    • Daty biograficzne (NP)
    • (1908-1990).
    • e
    • Określenie rodzaju współpracy
    • Red.
    • 9
    • KHW
    • 647943
700 -Hasło dodatkowe - nazwa osobowa [1, ]
    • a
    • Nazwa osobowa (NP)
    • Watters, Reginald Find
    • d
    • Daty biograficzne (NP)
    • (1912-1979).
    • e
    • Określenie rodzaju współpracy
    • Red.
    • 9
    • KHW
    • 647944
Sygnatura Lokalizacja Data inwentaryzacji Status udost. Numer inwentarzowy
ANG. Antologie lit. kanad. 05BM2001-05-301A.6111